000 00321nam a22001337a 4500
008 171020b xxu||||| |||| 00| 0 eng d
020 _a9780787956660
041 _aeng
080 _a338
100 _a54
101 _aMEN
245 _aBEST PRACTICES IN ORGANIZATION DEVELOPMENT AND CHANGE
_cCARTER,L
942 _2udc
_cBK
999 _c35022
_d35022